Interacció 04 : vers una Agenda 21 de la cultura vers una Agenda 21 de la cultura
ISBN:
84-9803-150-8
Descripción Física:
208 p. : il. ; 24 cm
MARC
| LEADER | 00000nam a2200000Ia 4500 | ||
|---|---|---|---|
| 001 | 18246 | ||
| 003 | BGR | ||
| 005 | 20260324175259.0 | ||
| 008 | 160829s2006 xx 000 0 cat d | ||
| 020 | |a 84-9803-150-8 | ||
| 080 | |a M-5-273 | ||
| 111 | |a Interacció |9 71067 |c (Barcelona : |d 2004) | ||
| 245 | |a Interacció 04 : |b vers una Agenda 21 de la cultura | ||
| 260 | |a Barcelona : |b Diputació de Barcelona, |c 2006 | ||
| 300 | |a 208 p. : |b il. ; |c 24 cm | ||
| 490 | |a Interacció. Materials de política cultural ; 5 | ||
| 590 | |a Bibliografia. | ||
| 590 | |a Recull de les intervencions a les Jornades celebrades en el marc del Fòrum Universal de les Cultures de Barcelona el maig de 2004. | ||
| 590 | |a Hi ha un exemplar en castellà amb R. 18247 | ||
| 650 | |a Globalització |9 34541 | ||
| 651 | 0 | |a Barcelona (Catalunya : Província) |x Política cultural |9 53523 | |
| 710 | 1 | |a Barcelona (Catalunya : Província). |b Àrea de Cultura |9 53536 | |
| 901 | |a Arxiu | ||
| 942 | |n 1 |2 udc |c JC | ||
| 952 | |0 0 |1 0 |4 0 |6 M5273 |7 1 |9 43284 |a Arxiu |b Arxiu |d 2016-12-01 |l 0 |o M-5-273 |p 18246 |r 2016-12-01 00:00:00 |w 2016-12-01 |y ARXIU | ||
| 999 | |c 45829 |d 45829 | ||